الكهرباء الشمسية / (Record no. 6498)
[ view plain ]
| 000 -الفاتح | |
|---|---|
| حقل البيانات ثابتة الطول | 01070nac a22002051u 4500 |
| 008 - عناصر البيانات ثابتة الطول - معلومات عامة | |
| حقل البيانات ثابتة الطول | 101011s2000 xxu||||| |||| 00| 0 ara d |
| 020 ## - الرقم الدولى المعيارى للكتب | |
| الرقم الدولى المعيارى للكتاب | 9981262315 |
| 082 ## - رقم تصنيف ديوى العشرى | |
| رقم التصنيف | 621.47 |
| رقم المادة | ك ه ر |
| 110 ## - المدخل الرئيسى - إسم هيئة | |
| اسم الهيئة أو اسم السلطة كمدخل | Al Monazama Al Islameya Lel Tarbeya Wa Al Thakafa Wa Al Olom |
| 9 (RLIN) | 20257 |
| 245 ## - بيان العنوان | |
| العنوان | الكهرباء الشمسية / |
| بيان المسئوليه,etc | توماس ماركفارت ...[وآخ]؛ ترجمة عبد الرحيم بو طالب ؛ مراجعة رشيد التادلي |
| 260 ## - PUBLICATION, DISTRIBUTION, ETC. (IMPRINT) | |
| مكان الناشر او الموزع | الرباط : |
| اسم الناشر او الموزع | المنظمة الإسلامية للتربية والعلوم والثقافة ،2000 |
| تاريخ النشر أو التوزيع | 2000. |
| 300 ## - الوصف المادى | |
| التعداد | 259 ص : |
| تفاصيل ماديه اخرى للوعاء | ايض ؛ |
| أبعاد الوعاء | 24 سم. |
| 511 ## - | |
| -- | Catalogued by: Sara |
| 650 ## - المدخل الاضافى بالموضوع-مصطلح موضوعى | |
| 9 (RLIN) | 20253 |
| 650 ## - المدخل الاضافى بالموضوع-مصطلح موضوعى | |
| مصطلح موضوعي أو اسم جغرافي كعنصر مدخل | الطاقة الشمسية |
| 9 (RLIN) | 20254 |
| 700 ## - المدخل الاضافى - اسم شخصى | |
| الإسم الشخصى | بو طالب ، عبد الرحيم |
| 9 (RLIN) | 20255 |
| الدور | ترجمة |
| 700 ## - المدخل الاضافى - اسم شخصى | |
| الإسم الشخصى | التادلي ، رشيد |
| 9 (RLIN) | 20256 |
| الدور | مراجعة |
| 942 ## - عناصر المدخل الإضافي( كوها) | |
| Koha [default] item type | Book - Borrowing |
| سابقة رقم الطلب | 621.47 ك ه ر |
| مصدر التصنيف او مخطط الترفيف | Dewey Decimal Classification |
| حالة التراجع | حالة الفقد | مصدر التصنيف او خطة الترفيف | حالة تلف | ليس للاعارة | مجموعات كوها | المكان الدائم | المكان الحالي | موقع الترفيف | تاريخ الاكتساب | Source of acquisition | رقم الاستدعاء | الباركود | Date last seen | مُعار | نوع الوعاء |
|---|---|---|---|---|---|---|---|---|---|---|---|---|---|---|---|
| Dewey Decimal Classification | Alef-Baa | Central Library | Central Library | First floor | 09/01/2011 | 621.47 ك ه ر | 000007948 | 15/07/2025 | 16/01/2017 | Book - Borrowing |